[Event "VEN-chT Liga Superior qual"]
[Site "Caracas"]
[Date "2018.01.26"]
[Round "2.3"]
[White "Perdomo Arvelaez, David"]
[Black "Rojas, Luis Gabriel"]
[Result "1/2-1/2"]
[WhiteElo "2067"]
[BlackElo "2055"]
[PlyCount "54"]
[EventDate "2018.01.26"]
[EventType "team-swiss"]
[EventRounds "6"]
[EventCountry "VEN"]
[SourceTitle "EXT 2022"]
[Source "ChessBase"]
[SourceDate "2021.10.06"]
[SourceVersion "1"]
[SourceVersionDate "2021.10.06"]
[SourceQuality "1"]
[WhiteTeam "JMSDG"]
[BlackTeam "AlphaZero"]
[WhiteTeamCountry "VEN"]
[BlackTeamCountry "VEN"]

1. e4 e5 2. Nf3 Nc6 3. Bc4 Bc5 4. Nc3 Nf6 5. d3 h6 6. Be3 Bb6 7. h3 d6 8. 0-0 g5 9. Nh2 Rg8 10. Qf3 Qe7 11. Ng4 Bxg4 12. hxg4 Rg6 13. Qf5 Nd4 14. Bxd4 Bxd4 15. Ne2 Bb6 16. Ng3 Qd7 17. Nh5 Qe7 18. Ng3 Qd7 19. Qxd7+ Nxd7 20. Nh5 Nf6 21. Nxf6+ Rxf6 22. g3 Ke7 23. Kg2 Rh8 24. f3 h5 25. gxh5 Rxh5 26. Rh1 Rfh6 27. Rxh5 Rxh5 1/2-1/2

[Event "Barinas Messori Tovar Cup"]
[Site "Barinas"]
[Date "2017.09.22"]
[Round "3"]
[White "Lantz Poma, Jesus Nazareno"]
[Black "Perdomo Arvelaez, David"]
[Result "0-1"]
[WhiteElo "1560"]
[BlackElo "2078"]
[PlyCount "68"]
[EventDate "2017.09.21"]
[EventType "swiss"]
[EventRounds "7"]
[EventCountry "VEN"]
[SourceTitle "EXT 2019"]
[Source "ChessBase"]
[SourceDate "2018.10.10"]
[SourceVersion "1"]
[SourceVersionDate "2018.10.10"]
[SourceQuality "1"]

1. d4 d5 2. c4 c6 3. Nc3 Nf6 4. cxd5 cxd5 5. Nf3 a6 6. Bf4 Nc6 7. e3 e6 8. a3 Bd6 9. Bxd6 Qxd6 10. Bd3 0-0 11. 0-0 Bd7 12. Rc1 e5 13. dxe5 Nxe5 14. Be2 Bc6 15. Qd4 Nxf3+ 16. Bxf3 Qe6 17. Rfd1 Rad8 18. h3 h6 19. Ne2 Qf5 20. Qb6 Nd7 21. Qc7 Ne5 22. Nd4 Qf6 23. Be2 Rd7 24. Qb6 Rd6 25. Qb3 Rfd8 26. Qc2 Bd7 27. Qc3 Qh4 28. Nf3 Nxf3+ 29. Bxf3 Bxh3 30. Qe5 Be6 31. Rc7 b5 32. g3 Qg5 33. Qxg5 hxg5 34. Rd4 g6 0-1

[Event "Valencia Renovando op"]
[Site "Valencia"]
[Date "2017.07.15"]
[Round "5"]
[White "Brizuela Abreu, Ronald Jesus"]
[Black "Perdomo Arvelaez, David"]
[Result "1-0"]
[WhiteElo "2281"]
[BlackElo "2106"]
[PlyCount "107"]
[EventDate "2017.07.13"]
[EventType "swiss"]
[EventRounds "9"]
[EventCountry "VEN"]
[SourceTitle "EXT 2018"]
[Source "ChessBase"]
[SourceDate "2017.10.13"]
[SourceVersion "1"]
[SourceVersionDate "2017.10.13"]
[SourceQuality "1"]

1. c4 c5 2. Nc3 Nc6 3. g3 e5 4. Bg2 d6 5. a3 Be6 6. d3 Qd7 7. Rb1 a5 8. Nd5 Rd8 9. Bd2 Nf6 10. Qa4 Bxd5 11. cxd5 Ne7 12. Qxa5 Nexd5 13. b4 Be7 14. bxc5 dxc5 15. Nf3 Bd6 16. Qa7 Rb8 17. 0-0 0-0 18. Rfc1 Qc6 19. e4 Ne7 20. Bc3 Nd7 21. Bh3 f6 22. Rb3 Nc8 23. Qa5 b5 24. a4 Bc7 25. axb5 Qd6 26. Qa3 Ncb6 27. Bd2 Rfd8 28. Be3 Ra8 29. Qb2 Ra4 30. Ra3 Rb4 31. Rb3 Ra4 32. Ra1 c4 33. dxc4 Nxc4 34. Qc1 Rxa1 35. Qxa1 Nxe3 36. Rxe3 Bb6 37. Rc3 Nc5 38. Qa2+ Kh8 39. Kg2 Qd1 40. Bg4 Qd6 41. Qf7 Rf8 42. Qc4 Rd8 43. Rc2 Qd3 44. Qxd3 Rxd3 45. Nd2 Rxd2 46. Rxd2 Nxe4 47. Rd7 g6 48. Rb7 Bd4 49. b6 f5 50. Bf3 Nc5 51. Rb8+ Kg7 52. b7 e4 53. Be2 Be5 54. Re8 1-0

[Event "Valencia Renovando op"]
[Site "Valencia"]
[Date "2017.07.13"]
[Round "2"]
[White "Perdomo Arvelaez, David"]
[Black "Vilchez Barboza, Henry Roberto"]
[Result "1-0"]
[WhiteElo "2106"]
[BlackElo "1713"]
[PlyCount "121"]
[EventDate "2017.07.13"]
[EventType "swiss"]
[EventRounds "9"]
[EventCountry "VEN"]
[SourceTitle "EXT 2018"]
[Source "ChessBase"]
[SourceDate "2017.10.13"]
[SourceVersion "1"]
[SourceVersionDate "2017.10.13"]
[SourceQuality "1"]

1. e4 e5 2. Nf3 Nc6 3. Bc4 Be7 4. d3 Nf6 5. Nc3 d6 6. h3 0-0 7. 0-0 Na5 8. Bb3 Nxb3 9. axb3 c5 10. Qe2 Bd7 11. Nh2 Bc6 12. f4 b5 13. f5 b4 14. Nd1 d5 15. Nf2 dxe4 16. dxe4 Qb6 17. Re1 Bb5 18. Qf3 Rfd8 19. Bg5 Qc7 20. Bxf6 gxf6 21. Rad1 Bf8 22. Nf1 Bxf1 23. Rxf1 Rd4 24. Ng4 Qc6 25. Rde1 Kh8 26. c3 Rd7 27. Ne3 Rd3 28. Qh5 Qxe4 29. Ng4 Qc6 30. Qxf7 Bg7 31. Rd1 Rg3 32. Rf2 Rf8 33. Qc4 bxc3 34. bxc3 e4 35. Re2 h5 36. Ne3 Bh6 37. Nf1 Rg5 38. Qxe4 Qxe4 39. Rxe4 Rfg8 40. g3 Rxf5 41. Rd7 Rg7 42. Rxg7 Bxg7 43. Ne3 Re5 44. Rxe5 fxe5 45. Nd5 Kg8 46. Kf2 Kf7 47. Ke3 Ke6 48. Ke4 a5 49. Ne3 Bf6 50. Nc4 Bd8 51. g4 hxg4 52. hxg4 Bc7 53. g5 Bd8 54. g6 Kf6 55. Nxe5 Kg7 56. Kf5 Bh4 57. c4 Bf6 58. Ke6 Bh4 59. Kd5 Bf2 60. Nd3 Be3 61. Nxc5 1-0

[Event "Valencia 1st"]
[Site "Valencia"]
[Date "2017.05.13"]
[Round "4"]
[White "Palomo, Franklin Annervys"]
[Black "Perdomo Arvelaez, David"]
[Result "1-0"]
[WhiteElo "2309"]
[BlackElo "2110"]
[PlyCount "43"]
[EventDate "2017.05.12"]
[EventType "tourn"]
[EventRounds "5"]
[EventCountry "VEN"]
[SourceTitle "EXT 2018"]
[Source "ChessBase"]
[SourceDate "2017.10.13"]
[SourceVersion "1"]
[SourceVersionDate "2017.10.13"]
[SourceQuality "1"]

1. Nf3 e6 2. c4 f5 3. Qc2 Nf6 4. Nc3 d5 5. e3 c6 6. b3 Bd6 7. Bb2 0-0 8. Be2 Qe7 9. a3 a5 10. h3 e5 11. cxd5 cxd5 12. g4 fxg4 13. hxg4 e4 14. g5 exf3 15. gxf6 Qxf6 16. Nxd5 Qg6 17. Bd3 Bf5 18. Qc4 Kh8 19. Bxf5 Qxf5 20. Rg1 Rg8 21. Nf6 Rc8 22. Qf7 1-0

[Event "Valencia Carabobeno"]
[Site "Valencia"]
[Date "2017.04.12"]
[Round "1"]
[White "Perdomo Arvelaez, David"]
[Black "Palencia Morales, Wilson Guillermo"]
[Result "0-1"]
[WhiteElo "2110"]
[BlackElo "2302"]
[PlyCount "96"]
[EventDate "2017.04.12"]
[EventType "tourn"]
[EventRounds "10"]
[EventCountry "VEN"]
[SourceTitle "CBM 178 Extra"]
[Source "ChessBase"]
[SourceDate "2017.06.22"]
[SourceVersion "1"]
[SourceVersionDate "2017.06.22"]
[SourceQuality "1"]

1. e4 e6 2. d4 d5 3. Nc3 dxe4 4. Nxe4 Be7 5. Nf3 Nf6 6. Nxf6+ Bxf6 7. Bf4 c5 8. dxc5 Qxd1+ 9. Rxd1 Bxb2 10. Be5 Bxe5 11. Nxe5 f6 12. Bb5+ Ke7 13. Nc4 Bd7 14. Rb1 Rc8 15. Bxd7 Nxd7 16. Rxb7 Rxc5 17. Ne3 Rb8 18. Rxb8 Nxb8 19. Kd2 Nd7 20. Rb1 Nb6 21. Rb3 f5 22. f4 g5 23. g3 gxf4 24. gxf4 Ra5 25. Rc3 Rxa2 26. Rc7+ Kd6 27. Rxh7 Ra4 28. Ng2 Nd5 29. h4 Rd4+ 30. Ke2 a5 31. Kf3 Rc4 32. Rf7 Rc3+ 33. Kf2 Rxc2+ 34. Kg3 Rc3+ 35. Kf2 Rc2+ 36. Kg3 Rc3+ 37. Kh2 Rc7 38. Rxc7 Kxc7 39. Kg3 a4 40. Ne1 Nb4 41. Nf3 a3 42. Nd4 a2 43. Nb3 Kd6 44. h5 Ke7 45. Kh4 Kf6 46. Na1 Nd5 47. Kg3 Kg7 48. Kh4 Kh6 0-1

[Event "San Juan Bello Memorial U2200 2nd"]
[Site "San Juan de Los Morros"]
[Date "2016.09.17"]
[Round "3.4"]
[White "Camacho, Thomas"]
[Black "Perdomo Arvelaez, David"]
[Result "1-0"]
[WhiteElo "2022"]
[BlackElo "2139"]
[PlyCount "81"]
[EventDate "2016.09.17"]
[EventType "swiss"]
[EventRounds "5"]
[EventCountry "VEN"]
[SourceTitle "EXT 2022"]
[Source "ChessBase"]
[SourceDate "2021.10.06"]
[SourceVersion "1"]
[SourceVersionDate "2021.10.06"]
[SourceQuality "1"]

1. e4 e5 2. Nf3 Nf6 3. Nxe5 d6 4. Nf3 Nxe4 5. Qe2 Qe7 6. d3 Nf6 7. Bg5 Qxe2+ 8. Bxe2 Be7 9. Nc3 c6 10. h3 h6 11. Bf4 g5 12. Be3 Bf5 13. 0-0-0 Na6 14. Rhe1 Bg6 15. d4 Nb4 16. Rd2 Nbd5 17. Nxd5 Nxd5 18. Bc4 Nxe3 19. Rxe3 Kd7 20. d5 Bf6 21. dxc6+ bxc6 22. Bd3 Rae8 23. Bxg6 fxg6 24. Rde2 Rxe3 25. Rxe3 Re8 26. Rxe8 Kxe8 27. c3 Ke7 28. Kc2 Ke6 29. Kd3 Kf5 30. Nd4+ Bxd4 31. Kxd4 g4 32. hxg4+ Kxg4 33. b4 Kf4 34. c4 h5 35. a4 h4 36. b5 cxb5 37. cxb5 g5 38. a5 g4 39. b6 axb6 40. a6 g3 41. a7 1-0

[Event "San Cristobal Bolivar op 1st"]
[Site "San Cristobal"]
[Date "2012.09.29"]
[Round "8"]
[White "Matnadze, Ana"]
[Black "Perdomo Arvelaez, David"]
[Result "1-0"]
[WhiteElo "2418"]
[BlackElo "2128"]
[PlyCount "145"]
[EventDate "2012.09.25"]
[EventType "swiss"]
[EventRounds "10"]
[EventCountry "VEN"]
[SourceTitle "EXT 2013"]
[Source "ChessBase"]
[SourceDate "2012.11.22"]
[SourceVersion "1"]
[SourceVersionDate "2012.11.22"]
[SourceQuality "1"]

1. d4 e6 2. c4 Bb4+ 3. Bd2 a5 4. Nf3 Nf6 5. g3 d6 6. Bg2 0-0 7. 0-0 Nbd7 8. Bg5 a4 9. a3 Ba5 10. Qxa4 c5 11. Qc2 h6 12. Bxf6 Qxf6 13. e3 Rb8 14. dxc5 dxc5 15. Nbd2 Bc7 16. Rad1 Qe7 17. Ne4 Re8 18. Nc3 Nf8 19. Nb5 b6 20. Nd2 f5 21. Nb1 Ba6 22. N1c3 Be5 23. b3 Bb7 24. Bxb7 Rxb7 25. f4 Bb8 26. e4 g6 27. e5 Rd8 28. Na4 g5 29. Qg2 Rbd7 30. Rxd7 Qxd7 31. Nac3 Ng6 32. Qf3 gxf4 33. gxf4 Kh8 34. Rd1 Qe7 35. Rxd8+ Qxd8 36. Ne2 Qd2 37. Kf2 Qd8 38. b4 Qf8 39. Qc6 cxb4 40. axb4 Bxe5 41. Qxe6 Bf6 42. Nd6 Bh4+ 43. Ke3 Ne7 44. Nf7+ Kg7 45. Ne5 Qa8 46. Ng3 Qa3+ 47. Nd3 Qa1 48. Nh5+ Kh7 49. Ke2 Qa2+ 50. Kf3 Qa1 51. Ng3 Qd4 52. Ke2 Bf6 53. Nxf5 Nxf5 54. Qxf5+ Kg7 55. Qd5 Qc3 56. Qd7+ Kg6 57. Qg4+ Kf7 58. Qd7+ Kg6 59. Qg4+ Kf7 60. Qh5+ Kg7 61. Qb5 Qd4 62. Qd5 Qc3 63. Qb7+ Kg6 64. Qxb6 Qxc4 65. Qg1+ Kf7 66. Qc5 Qe6+ 67. Qe3 Qc4 68. Kf3 Qd5+ 69. Kg3 h5 70. Ne5+ Kg7 71. Qf3 h4+ 72. Kh3 Qd2 73. Qg2+ 1-0

[Event "San Cristobal Bolivar op 1st"]
[Site "San Cristobal"]
[Date "2012.09.26"]
[Round "2"]
[White "Palacios, Antonio"]
[Black "Perdomo Arvelaez, David"]
[Result "1-0"]
[WhiteElo "2291"]
[BlackElo "2128"]
[PlyCount "89"]
[EventDate "2012.09.25"]
[EventType "swiss"]
[EventRounds "10"]
[EventCountry "VEN"]
[SourceTitle "EXT 2013"]
[Source "ChessBase"]
[SourceDate "2012.11.22"]
[SourceVersion "1"]
[SourceVersionDate "2012.11.22"]
[SourceQuality "1"]

1. c4 e6 2. Nf3 Nf6 3. b3 c5 4. Bb2 d5 5. e3 Nc6 6. cxd5 exd5 7. Bb5 Bd6 8. Ne5 Bxe5 9. Bxe5 0-0 10. Bxc6 bxc6 11. d3 Qe7 12. Bb2 d4 13. e4 Nd7 14. 0-0 f5 15. exf5 Qg5 16. Nd2 Qxf5 17. Ne4 Ba6 18. Rc1 Rae8 19. f3 Qf4 20. Re1 Re5 21. b4 Rh5 22. Ng3 Rxh2 23. Kxh2 Qh4+ 24. Kg1 Qxg3 25. Qe2 Nf6 26. Rxc5 Re8 27. Re5 Rxe5 28. Qxe5 Qxe5 29. Rxe5 Bxd3 30. Bxd4 Nd5 31. Re8+ Kf7 32. Ra8 a6 33. a3 g5 34. Kf2 Ke7 35. Rg8 Bg6 36. Rg7+ Ke6 37. g3 Ne7 38. Bc5 Nd5 39. Rg8 Nf6 40. Rd8 Nd7 41. Ra8 Bd3 42. Ke3 Bb5 43. Bd4 Kf7 44. Rh8 Kg6 45. Ra8 1-0